Der späte Platón: Tübinger Vorlesungen 1965
Na minha lista:
| Autor principal: | |
|---|---|
| Formato: | Livro |
| Idioma: | alemão |
| Publicado em: |
Hamburgo
Felix Meiner
1970
|
| Assuntos: | |
| Tags: |
Adicionar Tag
Sem tags, seja o primeiro a adicionar uma tag!
|
MARC
| LEADER | 00000nam a2200000 a 4500 | ||
|---|---|---|---|
| 001 | UCY6298 | ||
| 003 | CL-VaPUC | ||
| 008 | 950521e19700000GW |||||||||||||||||ger|d | ||
| 082 | 0 | 4 | |a 184 |b WYL |2 21 |
| 100 | 0 | |a Wyller, Egil A |e author |9 336154 | |
| 245 | 1 | 4 | |a Der späte Platón: Tübinger Vorlesungen 1965 |
| 300 | |a 179 p | ||
| 942 | |c BK | ||
| 945 | |d 19950521 00:00:00 |a oaravena | ||
| 260 | |a Hamburgo |b Felix Meiner |c 1970 | ||
| 600 | 0 | 7 | |a PLATON |2 CL-VaPUC |9 222 |
| 650 | 0 | |a Filosofía |9 223554 | |
| 650 | 0 | |a Filosofía antigua |9 255705 | |
| 650 | 0 | |a Política |9 255312 | |
| 650 | 7 | |a SER |2 CL-VaPUC |9 320176 | |
| 650 | 7 | |a HOMBRE |2 CL-VaPUC |9 262149 | |
| 651 | 0 | |a Grecia |9 265314 | |
| 583 | |a last modification |c 19950521 00:00:00 |k Rodrigo Vera | ||
| 999 | |c 233874 |d 233872 | ||
| 952 | |0 0 |1 0 |4 0 |6 184_000000000000000_WYL_1970 |7 0 |8 P |9 239677 |a BIBEDU |b BIBEDU |c BIBEDU_PB |d 2019-11-18 |i 1506862 |o 184 WYL 1970 |p 1506862 |r 2024-01-25 |w 2019-11-18 |y BK |k FIL | ||